Wszyscy zdobywcy złotej piłki. (1956-2024) - Statystyki

Ogólne statystyki
  • Ten quiz został rozwiązany 100 razy
  • Średni wynik to 31 z 68
Statystyki odpowiedzi
Rok
Piłkarz
Państwo % Poprawnych
2023 Lionel Messi Argentyna
79%
2011 Lionel Messi Argentyna
78%
2021 Lionel Messi Argentyna
78%
2024 Rodri Hiszpania
78%
2013 CristianoRonaldo Portugalia
76%
2014 CristianoRonaldo Portugalia
76%
2016 CristianoRonaldo Portugalia
76%
2017 CristianoRonaldo Portugalia
76%
2009 LionelMessi Argentyna
76%
2010 Lionel Messi Argentyna
76%
2012 Lionel Messi Argentyna
76%
2015 Lionel Messi Argentyna
76%
2019 Lionel Messi Argentyna
76%
2018 LukaModrić Chorwacja
76%
2008 CristianoRonaldo Portugalia
75%
2022 KarimBenzema Francja
74%
2003 PavelNedved Czechy
68%
2000 LuisFigo Portugalia
65%
2005 Ronaldinho Brazylia
65%
2006 FabioCannavaro Wlochy
63%
2007 Kaka Brazylia
63%
2004 AndrijSzewczenko Ukraina
60%
2002 RonaldoNazario Brazylia
60%
2001 MichaelOwen Anglia
56%
1999 Rivaldo Brazylia
56%
1995 GeorgeWeah Liberia
53%
1998 ZinedineZidane Francja
51%
1959 Alfredo DiStefano Argentyna/Hiszpania
50%
1988 Marco VanBasten Holandia
50%
1989 Marco VanBasten Holandia
50%
1957 Alfredo DiStefano Argentyna/Hiszpania
49%
1968 GeorgeBest IrlandiaPółnocna
49%
1992 Marco VanBasten Holandia
47%
1997 RonaldoNazario Brazylia
47%
1963 Lew Yashin ZSRR
46%
1985 MichaelPlatini Francja
44%
1965 Eusebio Portugalia
43%
1984 MichaelPlatini Francja
43%
1994 ChristoStoiczkow Bułgaria
41%
1983 MichaelPlatini Francja
41%
1987 RuudGullit Holandia
40%
1966 BobbyCharlton Anglia
35%
1960 LuisSuarez Hiszpania
35%
1993 Roberto Baggio Włochy
35%
1972 FranzBeckenbauer Niemcy
32%
1976 FranzBeckenbauer Niemcy
31%
1970 GerdMuller Niemcy
29%
1958 RaymondKopa Francja
29%
1956 StanleyMatthews Anglia
29%
1991 Jean-PierrePapin Francja
26%
1981 Karl-HeinzRummenigge Niemcy
24%
1996 MatthaisSammer Niemcy
24%
1974 JohanCruijff Holandia
22%
1980 Karl-HeinzRummenigge Niemcy
22%
1982 Paolo Rossi Włochy
22%
1971 JohanCruijff Holandia
21%
1973 JohanCruijff Holandia
21%
1964 Denis Law Szkocja
19%
1979 KevinKeegan Anglia
19%
1978 KevinKeegan Anglia
18%
1975 OłehBłochin ZSRR
18%
1990 LotharMathaus Niemcy
16%
1967 FlorianAlbert Węgry
15%
1962 JosefMasopust Czecho-Słowacja
13%
1977 Allan Simonsen Dania
12%
1969 GianniRIvera Włochy
10%
1986 IhorBiełanow ZSRR
10%
1961 OmarSivori Włochy
9%
Nie znaleziono quizów pasujących do podanych kryteriów
Rozkład punktacji
Procent ludzi z każdym wynikiem
Percentyl według liczby udzielonych odpowiedzi
Twoja historia wyników
Nie rozwiązałeś tego quizu